000 00504nam a2200169Ia 4500
008 240729s9999 xx 000 0 und d
022 _a2602-3482
245 0 _aInternational Journal of Health Services Research and Policy
260 _aTürkiye
260 _bRojan GÜMÜŞ
650 _a Medicine (General) | Medicine
650 _a Public aspects of medicine
650 _aMedicine
856 _uhttps://doaj.org/toc/1b7365169df5463ea85a0f40aa11452b
942 _2ddc
942 _cDOAJEJ
999 _c70461
_d70461
945 _a1
_bMadushi Gamage
_c1
_dMadushi Gamage